Missing Word: Yellow Things Quiz Stats

 Plays Quiz Updated Nov 28, 2019

Score 0/14 Timer 03:00
1 Play Today
Hint Answer % Correct
Goodbye Yellow ________ RoadBrick
94.5%
Yellow ________Pages
93.7%
Yellow ________Submarine
92.2%
Yellow ________Fever
91.6%
Yellow ________Sea
88.1%
Yellow ________Card
87%
Yellow ________Belly
76.1%
Hint Answer % Correct
Big Yellow ________Taxi
71.3%
The Yellow Rose of ________Texas
64.7%
Yellow ________ WaspJacket
52.4%
Yellow ________River
48%
Yellow ________Journalism
47.1%
Yellow _________Ledbetter
14.8%
The Yellow ________Kid
10.3%

Today's Daily Dose

Quick Pick
'M' Cities

Get the Picture
'South' Countries

You're not logged in!

Compare scores with friends on all Sporcle quizzes.
OR
Log In

Sporcle TV

Today on Sporcle TV


Watch our educational content, quiz creation guides, and fun videos on Sporcle TV.

Show Comments

Extras

Top Quizzes Today


Score Distribution

Your Account Isn't Verified!

In order to create a playlist on Sporcle, you need to verify the email address you used during registration. Go to your Sporcle Settings to finish the process.

Report this User

Report this user for behavior that violates our Community Guidelines.

Details: